සඳ ගංගාවේ පාවෙන නිවෙස= නිහඩ පෘථිවි රාක්ෂයා/

Saved in:
Bibliographic Details
Main Author: යිමෙයි,වැන්ග්
Other Authors: කණ්ඩම්බි ,සම්මානී උපාද්‍යා (පරිවර්තක)
Format: Book
Language:Undetermined
Sinhalese
Published: මීරිගම: ආශීර්වාද, 2024
Subjects:
Tags: Add Tag
No Tags, Be the first to tag this record!

MARC

LEADER 00000nam a2200000Ia 4500
003 LK-VePL
005 20251213140116.0
008 220213s9999 xx 000 0 und d
020 |a 9786245519996 
040 |a LK-VePL  |b sin  |d LK-VePL 
041 |a sin 
082 |a 895.13  |b යිමෙයි 
100 |a යිමෙයි,වැන්ග් 
245 0 |a සඳ ගංගාවේ පාවෙන නිවෙස=  |b නිහඩ පෘථිවි රාක්ෂයා/  |c වැන්ග් යිමෙයි 
260 |a මීරිගම:  |b ආශීර්වාද,  |c 2024 
300 |a පි. 180;  |c සෙ.මි. 21 
650 |a පරිවර්තන නවකතා 
653 |a චීන 
700 |a කණ්ඩම්බි ,සම්මානී උපාද්‍යා  |e පරිවර්තක 
942 |c CHBK 
999 |c 13278  |d 13278